History Quiz

Random History or Year Quiz

This Day in History: January Quiz Stats

Quiz Updated Mar 25, 2013

Challenge
Share
Tweet
Embed
Score 0/31 Timer 07:00
0 Plays Today
Day Answer % Correct
Jan 5Golden Gate Bridge
94.3%
Jan 4Richard Nixon
89.2%
Jan 23Vietnam War
89%
Jan 24World War II
86.7%
Jan 16Ivan IV
84.2%
Jan 20Iran
83.5%
Jan 31Germany
80.6%
Jan 12Kuwait
77.8%
Jan 2Spain
77.4%
Jan 26Australia
75.4%
Jan 30Mahatma Gandhi
75.2%
Jan 29The Raven
74.3%
Jan 28Challenger
72.1%
Jan 6Joan of Arc
71.7%
Jan 21Louis XVI
69.1%
Jan 19Mexico
67.9%
Day Answer % Correct
Jan 27Auschwitz
67.7%
Jan 1Fidel Castro
67.4%
Jan 17Dwight Eisenhower
65.8%
Jan 25Anne Boleyn
61.8%
Jan 10League of Nations
60.7%
Jan 18Leningrad
59.1%
Jan 9Common Sense
56.8%
Jan 14Casablanca
56.7%
Jan 11Mount Etna
54.7%
Jan 3Martin Luther
54%
Jan 8New Orleans
43.4%
Jan 15Jerusalem
42.1%
Jan 7Khmer Rouge
41.7%
Jan 13Knights Templar
37%
Jan 22Bloody Sunday
28.8%

You're not logged in!

Compare scores with friends on all Sporcle quizzes.
Join for Free
OR
Log In

You Might Also Like...

Show Comments

Extras

Top Quizzes Today


Score Distribution

Your Account Isn't Verified!

In order to create a playlist on Sporcle, you need to verify the email address you used during registration. Go to your Sporcle Settings to finish the process.

Report this User

Report this user for behavior that violates our Community Guidelines.

Details: